Statistics for Escape from Nouakchott to Gaborone

Click here to take the quiz!

General Stats

  • This quiz has been taken 25 times
    (19 since last reset)
  • The average score is 6 of 9

Answer Stats

HintNearest Capital% Correct
NouakchottDakar
87%
BanjulBissau
73%
BrazzavilleKinshasa
73%
LuandaWindhoek
73%
ConakryFreetown
67%
AccraLome
67%
MonroviaYamoussoukro
60%
YaoundéLibreville
47%
Porto-NovoMalabo
40%

Score Distribution

Percentile by Number Answered

Percent of People with Each Score

Your Score History

You have not taken this quiz since the last reset